00138nam a22000737a 4500245002500000250000900025260002200034300000800056 aXam Idea Mathematics a2024 bV.K. Publicatoin a575